00505nam a2200157Ia 4500008004100000020001900041082001600060100002700076245005600103250001600159260002600175300001000201942001200211999001900223952010500242210430s9999 xx 000 0 und d a978-8126508273 a510 K9211 A aErwin Kreyszig.913321 aAdvanced Engineering Mathematics /cErwin Kreyszig. a8th edition aNew yorkbWileyc1999 a1156p cBK2ddc c563687d563687 001040708NFICaSCMEbSCMEcGENd0002-08-13l0o510 K9211 ApSCME-2852r2021-04-30w2021-04-30yBK